Podporné programy rozvoja MSP bakalárska práca

Salvato in:
Dettagli Bibliografici
Autore principale: Mucsková, Kristína
Ente Autore: Fakulta podnikového manažmentu EU. Katedra podnikovohospodárska
Altri autori: Tekelová, Zuzana, 1987-
Natura: Libro
Lingua:slovacco
Pubblicazione: Bratislava 2013
Tags: Aggiungi Tag
Nessun Tag, puoi essere il primo ad aggiungerne!!

MARC

LEADER 00000nbm a2200000 4500
001 0172806
005 20161109112118.9
041 0 |a slo 
044 |a SK 
245 1 0 |a Podporné programy rozvoja MSP  |b bakalárska práca  |c Kristína Mucsková ; školiteľ: Zuzana Tekelová 
264 1 |a Bratislava  |c 2013 
300 |a 45 s. 
100 1 |a Mucsková, Kristína 
700 1 |a Tekelová, Zuzana, 1987- 
710 2 |a Fakulta podnikového manažmentu EU. Katedra podnikovohospodárska